000 00588nam a2200133 a 4500
001 000045164
005 20201002045930.0
008 150205s2003 dr a 000 0 spa d
040 _aDO-SdBNP
_bspa
_cBNPHU
110 1 _aRepública Dominicana
_bBanco Central de la República Dominicana
_bDepartamento de Cuentas Nacionales y Estadísticas Económicas
_973173
245 1 0 _aIndice de Precios al Consumidor 1999-2002.
260 _aSanto Domingo, :
_bBanco Central de la República Dominicana
_bDepartamento de Cuentas Nacionales y Estadísticas Económicas,
_c2003.
300 _a204 p. ;
_c28 cm.
999 _c44653
_d44653